Reglamentos relativos a la ley del Sistema Nacional de Planificación

Salvato in:
Dettagli Bibliografici
Ente Autore: Costa Rica. Oficina de Planificación Nacional y Política Económica
Natura: testo
Pubblicazione: San José: OFIPLAN
Tags: Aggiungi Tag
Nessun Tag, puoi essere il primo ad aggiungerne!!

MARC

LEADER 00000 a a2200000 04500
001 16341
003
040
090 |a 013300  
110 |a Costa Rica. Oficina de Planificación Nacional y Política Económica  
245 |a Reglamentos relativos a la ley del Sistema Nacional de Planificación  
260 |a San José:   |b OFIPLAN  
300 |a 104 p.  
999 |c 6132  |d 6132